Statistics for The Joshua Gentry Quiz

Click here to take the quiz!

General Stats

  • This quiz has been taken 4 times
  • The average score is 12 of 15

Answer Stats

QuestionAnswer% Correct
What year was I in when I got told I had to wear glasses?5
100%
How many Adidas shoes do I have?7
100%
What size shoe am I?8
100%
What has been my favourite country to go to?America
100%
What colour is the shelf in my room?Black
100%
What type of ship did I work on?Container
100%
What car do I have?Polo
100%
What colour is my Canada goose hat?Red
100%
What is the name of the pub in Glasgow I go to?Sharkeys
100%
What’s my favourite drink on a night out?Pink gin with lemonade
67%
What is my dream car?Rolls Royce
67%
How many days were I on my ship for?132
33%
What do I want a tattoo of?Kids name
33%
Who did I play in the Nutcracker play?Mouse
33%
Who did Stags play when I last went to watch them?Notts County
33%

Score Distribution

Percentile by Number Answered

Percent of People with Each Score

Your Score History

You have not taken this quiz